Top 10 West Bromwich Albion Premier League Appearances - Statistics

General Stats
  • This quiz has been taken 65 times
  • The average score is 6 of 10
Answer Stats
Player Apps % Correct
Chris Brunt 269
88%
James Morrison 244
88%
Ben Foster 209
80%
Craig Dawson 153
65%
Gareth McAuley 203
63%
Jonas Olsson 201
59%
Claudio Yacob 160
53%
Graham Dorrans 121
47%
Youssouf Mulumbu 157
41%
Salomón Rondón 108
33%
No matching quizzes found
Score Distribution
Percent of People with Each Score
Percentile by Number Answered
Your Score History
You have not taken this quiz